[Event "Valle Region-ch"]
[Site "Cali"]
[Date "2013.06.28"]
[Round "2.3"]
[White "Norena, Wilder"]
[Black "Herrera, Juan Sebastian"]
[Result "0-1"]
[WhiteElo "1563"]
[BlackElo "2185"]
[PlyCount "74"]
[EventDate "2013.06.28"]
[EventType "swiss"]
[EventRounds "5"]
[EventCountry "COL"]
[SourceTitle "EXT 2024"]
[Source "ChessBase"]
[SourceDate "2023.10.10"]
[SourceVersion "1"]
[SourceVersionDate "2023.10.10"]
[SourceQuality "1"]

1. e4 c5 2. Nf3 e6 3. d4 cxd4 4. Nxd4 a6 5. Nc3 Qc7 6. Be2 Nf6 7. a3 d6 8. 0-0 Nbd7 9. Kh1 Nc5 10. Bf3 Bd7 11. b4 Na4 12. Nxa4 Bxa4 13. Bb2 Be7 14. g3 Nd7 15. Rc1 Nb6 16. Be2 Nc4 17. Bxc4 Qxc4 18. Qd3 Rc8 19. f4 0-0 20. Kg2 Bf6 21. Qxc4 Rxc4 22. c3 e5 23. Nf5 Rxe4 24. Nxd6 Re2+ 25. Rf2 Bc6+ 26. Kf1 Rxf2+ 27. Kxf2 exf4 28. gxf4 Rd8 29. Nc4 Bb5 30. Na5 Rd2+ 31. Kg3 Rxb2 32. Nxb7 h5 33. Nd6 Bc6 34. c4 Rg2+ 35. Kh3 Rg4 36. Rc2 Rxf4 37. Kg3 Rf3+ 0-1

[Event "Valle Region-ch U20"]
[Site "Cali"]
[Date "2013.02.23"]
[Round "4.7"]
[White "Carvajal, Carlos David"]
[Black "Norena, Wilder"]
[Result "1/2-1/2"]
[WhiteElo "1572"]
[BlackElo "1563"]
[PlyCount "29"]
[EventDate "2013.02.22"]
[EventType "swiss"]
[EventRounds "5"]
[EventCountry "COL"]
[SourceTitle "EXT 2024"]
[Source "ChessBase"]
[SourceDate "2023.10.10"]
[SourceVersion "1"]
[SourceVersionDate "2023.10.10"]
[SourceQuality "1"]

1. d4 f5 2. c4 Nf6 3. Nc3 e6 4. Nf3 Be7 5. g3 0-0 6. Bg2 c6 7. 0-0 d5 8. Bf4 Bd6 9. Bxd6 Qxd6 10. Qc2 Ne4 11. Rad1 Nd7 12. cxd5 exd5 13. Nxe4 fxe4 14. Nd2 Nb6 15. Qb3 1/2-1/2

[Event "Valle Region-ch U20"]
[Site "Cali"]
[Date "2013.02.23"]
[Round "3.8"]
[White "Norena, Wilder"]
[Black "Vergara Quintero, Santiago"]
[Result "1-0"]
[WhiteElo "1563"]
[BlackElo "1559"]
[PlyCount "93"]
[EventDate "2013.02.22"]
[EventType "swiss"]
[EventRounds "5"]
[EventCountry "COL"]
[SourceTitle "EXT 2024"]
[Source "ChessBase"]
[SourceDate "2023.10.10"]
[SourceVersion "1"]
[SourceVersionDate "2023.10.10"]
[SourceQuality "1"]

1. e4 e6 2. d4 d5 3. exd5 exd5 4. Bd3 Bd6 5. Nf3 Nf6 6. Bg5 Bg4 7. Nbd2 Nc6 8. c3 h6 9. Bh4 Qd7 10. Qc2 0-0-0 11. 0-0-0 g5 12. Bg3 Rde8 13. h3 Be6 14. Nb3 Nh5 15. Bxd6 Qxd6 16. g3 Nf6 17. Nc5 Nd7 18. Nxe6 fxe6 19. Bb5 a6 20. Bxc6 Qxc6 21. Rhe1 Qd6 22. Ne5 Nf6 23. Nf7 Qd7 24. Nxh8 Rxh8 25. Qg6 Ne4 26. f3 Nxg3 27. Qxe6 Qxe6 28. Rxe6 Rf8 29. Rd3 Nf5 30. Kc2 Kd7 31. Re1 Nh4 32. Kd1 Ng2 33. Rh1 Re8 34. Rd2 Ne3+ 35. Kc1 Nc4 36. Rf2 Re3 37. h4 gxh4 38. Rxh4 Re1+ 39. Kc2 Ra1 40. Rxh6 Rxa2 41. Kb1 Ra5 42. f4 Rb5 43. f5 Ne3 44. f6 Rb6 45. f7 Rxh6 46. f8Q Rh1+ 47. Ka2 1-0

[Event "Valle Region-ch qual 3"]
[Site "Cali"]
[Date "2012.03.31"]
[Round "5.4"]
[White "Norena, Wilder"]
[Black "Mayorquin Polanco, Nicolas"]
[Result "0-1"]
[WhiteElo "1511"]
[BlackElo "1908"]
[PlyCount "68"]
[EventDate "2012.03.30"]
[EventType "swiss"]
[EventRounds "7"]
[EventCountry "COL"]
[SourceTitle "EXT 2024"]
[Source "ChessBase"]
[SourceDate "2023.10.10"]
[SourceVersion "1"]
[SourceVersionDate "2023.10.10"]
[SourceQuality "1"]

1. e4 c5 2. Nf3 d6 3. d4 cxd4 4. Nxd4 Nf6 5. Nc3 a6 6. Be2 b5 7. a3 e6 8. 0-0 Bb7 9. Bg5 Be7 10. Bf3 Qc7 11. Re1 Nbd7 12. Nb3 h6 13. Bd2 Ne5 14. Qe2 0-0 15. Rad1 Rfd8 16. Bc1 Rac8 17. Nd4 d5 18. exd5 Nxf3+ 19. Nxf3 Nxd5 20. Rd3 Nf4 21. Bxf4 Qxf4 22. h3 Rxd3 23. Qxd3 Bxf3 24. Qxf3 Qxf3 25. gxf3 Bxa3 26. Nxb5 Bxb2 27. Nd6 Rxc2 28. Re4 Bf6 29. Ra4 Rc1+ 30. Kg2 Ra1 31. Rc4 Be7 32. Rc8+ Bf8 33. Ne4 f5 34. Nc5 Rc1 0-1

[Event "COL-ch School U17"]
[Site "Cali"]
[Date "2012.02.24"]
[Round "4.1"]
[White "Norena, Wilder"]
[Black "Becerra, Manuel Santiago"]
[Result "1/2-1/2"]
[WhiteElo "1517"]
[BlackElo "1655"]
[PlyCount "53"]
[EventDate "2012.02.23"]
[EventType "swiss"]
[EventRounds "7"]
[EventCountry "COL"]
[SourceTitle "EXT 2024"]
[Source "ChessBase"]
[SourceDate "2023.10.10"]
[SourceVersion "1"]
[SourceVersionDate "2023.10.10"]
[SourceQuality "1"]

1. e4 e6 2. d4 d5 3. exd5 exd5 4. Nf3 Bd6 5. Bd3 Ne7 6. 0-0 0-0 7. Re1 Nbc6 8. Nbd2 Nb4 9. Nf1 Nxd3 10. Qxd3 Bf5 11. Qd1 c6 12. Ng3 Bg6 13. Ne5 c5 14. Bf4 cxd4 15. Nxg6 fxg6 16. Bxd6 Qxd6 17. Qxd4 Nc6 18. Qd2 Ne5 19. h3 Nc4 20. Qd4 Rf4 21. Qc3 Raf8 22. Nh1 Qd8 23. b3 Nd6 24. f3 Nf5 25. Rad1 Nh4 26. Qe5 Qb6+ 27. Qe3 1/2-1/2

[Event "Cali Primer Valle"]
[Site "Cali"]
[Date "2012.02.11"]
[Round "5.1"]
[White "Norena, Wilder"]
[Black "Mayorquin Polanco, Nicolas"]
[Result "0-1"]
[WhiteElo "1517"]
[BlackElo "1897"]
[PlyCount "52"]
[EventDate "2012.02.10"]
[EventType "swiss"]
[EventRounds "7"]
[EventCountry "COL"]
[SourceTitle "EXT 2024"]
[Source "ChessBase"]
[SourceDate "2023.10.10"]
[SourceVersion "1"]
[SourceVersionDate "2023.10.10"]
[SourceQuality "1"]

1. e4 c5 2. Nf3 Nc6 3. d4 cxd4 4. Nxd4 Qb6 5. Nb3 e6 6. Be3 Qc7 7. Be2 Nf6 8. N1d2 Qe5 9. c3 Nxe4 10. f4 Qf5 11. Bg4 Qd5 12. 0-0 Nxd2 13. Qxd2 Qxd2 14. Nxd2 d5 15. Rac1 b5 16. Be2 a6 17. Nb3 Be7 18. Nc5 0-0 19. Rfd1 Na5 20. b3 Nb7 21. Nxb7 Bxb7 22. Bd4 Rac8 23. Bf3 Ba3 24. c4 Bxc1 25. Rxc1 bxc4 26. bxc4 Rfd8 0-1

[Event "Cali Region-ch U18"]
[Site "Cali"]
[Date "2011.12.05"]
[Round "3.9"]
[White "Norena, Wilder"]
[Black "Marcillo, Juan Fernando"]
[Result "1-0"]
[WhiteElo "1652"]
[BlackElo "1400"]
[PlyCount "49"]
[EventDate "2011.12.04"]
[EventType "swiss"]
[EventRounds "7"]
[EventCountry "COL"]
[SourceTitle "EXT 2024"]
[Source "ChessBase"]
[SourceDate "2023.10.10"]
[SourceVersion "1"]
[SourceVersionDate "2023.10.10"]
[SourceQuality "1"]

1. e4 e5 2. Nf3 Nc6 3. Bb5 Nf6 4. 0-0 Nxe4 5. Re1 d5 6. d3 Nf6 7. Nxe5 Bb4 8. Nxc6+ Bxe1 9. Qxe1+ Be6 10. Nxd8+ c6 11. Nxc6 bxc6 12. Bxc6+ Nd7 13. Bxa8 0-0 14. Nc3 a6 15. Bxd5 Bxd5 16. Nxd5 Nf6 17. Bg5 Nxd5 18. Qe5 Nf6 19. Bxf6 gxf6 20. Qxf6 Rc8 21. Re1 a5 22. Re3 a4 23. Rg3+ Kf8 24. Qd6+ Ke8 25. Re3# 1-0

[Event "Cali Region-ch U16"]
[Site "Cali"]
[Date "2011.02.12"]
[Round "4.7"]
[White "Caicedo, Ronald"]
[Black "Norena, Wilder"]
[Result "1-0"]
[WhiteElo "1564"]
[BlackElo "1652"]
[PlyCount "21"]
[EventDate "2011.02.11"]
[EventType "swiss"]
[EventRounds "7"]
[EventCountry "COL"]
[SourceTitle "EXT 2024"]
[Source "ChessBase"]
[SourceDate "2023.10.10"]
[SourceVersion "1"]
[SourceVersionDate "2023.10.10"]
[SourceQuality "1"]

1. e4 e5 2. Nf3 Nc6 3. d4 d6 4. dxe5 Nxe5 5. Nxe5 dxe5 6. Qxd8+ Kxd8 7. Bc4 f6 8. Nc3 Bd6 9. Be3 Ne7 10. 0-0-0 Be6 11. Bxe6 1-0